The rise and decline of labor-management cooperation: lessons from health care in the twin cities (Record no. 55982)

000 -LEADER
fixed length control field 00510pab a2200181 454500
008 - FIXED-LENGTH DATA ELEMENTS--GENERAL INFORMATION
fixed length control field 180718b2003 xxu||||| |||| 00| 0 eng d
100 ## - MAIN ENTRY--PERSONAL NAME
Personal name Preuss, Gil A.
245 ## - TITLE STATEMENT
Title The rise and decline of labor-management cooperation: lessons from health care in the twin cities
260 ## - PUBLICATION, DISTRIBUTION, ETC.
Date of publication, distribution, etc. 2003
300 ## - PHYSICAL DESCRIPTION
Extent p.85-106.
362 ## - DATES OF PUBLICATION AND/OR SEQUENTIAL DESIGNATION
Dates of publication and/or sequential designation Winter
650 ## - SUBJECT ADDED ENTRY--TOPICAL TERM
Topical term or geographic name entry element Health services
650 ## - SUBJECT ADDED ENTRY--TOPICAL TERM
Topical term or geographic name entry element Hospitals
650 ## - SUBJECT ADDED ENTRY--TOPICAL TERM
Topical term or geographic name entry element Labour relations
700 ## - ADDED ENTRY--PERSONAL NAME
Personal name Frost, Ann C.
773 ## - HOST ITEM ENTRY
Main entry heading California Management Review
909 ## -
-- 55982
Holdings
Withdrawn status Lost status Damaged status Not for loan Permanent Location Current Location Date acquired Serial Enumeration / chronology Barcode Date last seen Price effective from Koha item type
        Indian Institute of Public Administration Indian Institute of Public Administration 2018-07-19 Volume no: 45, Issue no: 2 AR56427 2018-07-19 2018-07-19 Articles

Powered by Koha